000 03235cam a2200337 4500500
005 20260405003553.0
041 _afre
042 _adc
100 1 0 _aRegard, Yann
_eauthor
245 0 0 _aL’intelligence artificielle dans la formation des travailleurs sociaux : entre opportunités, limites et vigilance éthique
260 _c2026.
500 _a65
520 _aL’intelligence artificielle recompose aujourd’hui les fondements de la formation en travail social, en transformant à la fois la posture du formateur, la place de l’apprenant et les modes d’évaluation. Elle interroge la manière d’apprendre, de penser et de transmettre dans un monde où la machine devient partenaire de réflexion. L’article explore les apports possibles de cette technologie, de l’alternance intégrative 2.0 à la co-construction des savoirs, tout en soulignant les illusions qu’elle suscite et les dépendances qu’elle peut créer. L’évaluation devient un espace central de cette mutation, car elle doit désormais valoriser le raisonnement, le cheminement et la réflexivité plutôt que le seul résultat. En conclusion, dix principes de vigilance invitent à maintenir une pédagogie équilibrée entre assistance technologique et discernement humain, entre rapidité et profondeur, entre innovation et éthique. Former à l’ère de l’intelligence artificielle, c’est maintenir la primauté de l’humain dans l’acte d’apprendre, tout en développant la capacité à coopérer lucidement avec la machine.
520 _aArtificial intelligence is reshaping the foundations of social work education by transforming the role of the educator, the place of the learner, and the very nature of assessment. It challenges the ways we learn, think, and transmit knowledge in a world where the machine becomes a partner in reflection. This article explores the potential contributions of this technology—from “Integrative Alternation 2.0” to the co-construction of knowledge—while highlighting the illusions it generates and the dependencies it can create. Assessment emerges as a central space in this transformation, as it must now value reasoning, reflection, and personal growth rather than the final product alone. In conclusion, ten principles of vigilance call for maintaining a balanced pedagogy—between technological assistance and human discernment, between speed and depth, between innovation and ethics. To educate in the age of artificial intelligence is to uphold the primacy of the human in the act of learning while cultivating the capacity to collaborate lucidly with the machine.
690 _aéthique
690 _aévaluation
690 _aformation en travail social
690 _ahumanité
690 _aintelligence artificielle
690 _apédagogie
690 _aréflexivité
690 _aartificial intelligence
690 _aassessment
690 _aethics
690 _ahumanity
690 _apedagogy
690 _areflexivity
690 _asocial work education
786 0 _nVie sociale | 52 | 4 | 2026-01-22 | p. 93-110 | 0042-5605
856 4 1 _uhttps://shs.cairn.info/revue-vie-sociale-2025-4-page-93?lang=fr&redirect-ssocas=7080
999 _c2068854
_d2068854